000 00581nam a2200229Ia 4500
003 OSt
005 20220918175124.0
006 a|||||r|||| 00| 0
007 ta
008 220917b |||||||| |||| 00| 0 eng d
024 _a15,771
037 _cTextual
040 _aARTS
_cARTS
_beng
041 _2eng
_aeng
082 _aO111973v, K4
100 _aBlair Walter
_914141
245 0 _aAmerican literature
_b A brief history
260 _c1964
650 _aENGLISH LITERATURE
942 _hO111973v, K4
_cTEXL
_2CC
999 _c156167
_d156167